Relationships : (Record no. 17644)

MARC details
000 -LEADER
fixed length control field 00713nam a22002177a 4500
005 - DATE AND TIME OF LATEST TRANSACTION
control field 2008102207577.0
008 - FIXED-LENGTH DATA ELEMENTS--GENERAL INFORMATION
fixed length control field 081022t xxu||||| |||| 00| 0 eng d
010 ## - LIBRARY OF CONGRESS CONTROL NUMBER
LC control number ENG-84306
020 ## - INTERNATIONAL STANDARD BOOK NUMBER
International Standard Book Number 0195686780
020 ## - INTERNATIONAL STANDARD BOOK NUMBER
Terms of availability 195.00 (pbk)
035 ## - SYSTEM CONTROL NUMBER
System control number EN-67839
082 ## - DEWEY DECIMAL CLASSIFICATION NUMBER
Classification number N
100 ## - MAIN ENTRY--PERSONAL NAME
Personal name Tagore, Rabindranath
245 ## - TITLE STATEMENT
Title Relationships :
Remainder of title jogajog /
Statement of responsibility, etc by Rabindranath Tagore; translated by Supriya Chaudhuri
260 ## - PUBLICATION, DISTRIBUTION, ETC. (IMPRINT)
Place of publication, distribution, etc New Delhi
Name of publisher, distributor, etc Oxford University Press
260 ## - PUBLICATION, DISTRIBUTION, ETC. (IMPRINT)
Date of publication, distribution, etc 2006
300 ## - PHYSICAL DESCRIPTION
Extent x,275p
Dimensions 22cm
700 ## - ADDED ENTRY--PERSONAL NAME
Personal name Chaudhuri, Supriya
Titles and other words associated with a name tr
942 ## - ADDED ENTRY ELEMENTS (KOHA)
Source of classification or shelving scheme Dewey Decimal Classification
Koha item type English Books
Classification part N
Call number suffix TAG
Holdings
Withdrawn status Lost status Source of classification or shelving scheme Damaged status Not for loan Collection code Home library Current library Date acquired Cost, normal purchase price Total Checkouts Full call number Barcode Date last seen Copy number Cost, replacement price Price effective from Koha item type
    Dewey Decimal Classification   Not For Loan Fiction D.B.Act.Division D.B.Act.Division 28/02/2007 195.00   N TAG EN-67839 04/11/2008 1 195.00 04/11/2008 English Books

© Delhi Public Library
Hit Counter
free hit counter